000 00597nam a2200157 i 4500
001 184406
003 ES-MaACL
005 20230906222203.0
008 150820s1890 sp |||| | spa d
110 2 _aCuerpo Nacional de Ingenieros de Montes.
_9143756
245 1 0 _aEscalafón
_b: (1º de enero de 1890) /
_cCuerpo Nacional de Ingenieros de Montes ; publicado por la Revista de Montes.
260 _aMadrid :
_b[s.n.],
_c1890 (
_fImp. de Moreno y Rojas)
300 _a93 p. ;
_c11 cm.
610 2 4 _aCuerpo Nacional de Ingenieros de Montes-
_vEscalafones.
_9157277
852 _aES-MaACL
_jT-890-F-2
999 _c184406
_d184406